Formula 1 Pole Position kings 1950-2025 - Statistics

General Stats
  • This quiz has been taken 2,008 times
    243 since last reset
  • The average score is 71 of 86
Answer Stats
Year Poles Answer % Correct
2006 6 Fernando Alonso
100%
2005 6 Fernando Alonso
100%
2020 10 Lewis Hamilton
100%
2018 11 Lewis Hamilton
100%
2017 11 Lewis Hamilton
100%
2016 12 Lewis Hamilton
100%
2015 11 Lewis Hamilton
100%
2012 7 Lewis Hamilton
100%
2009*2 4 Lewis Hamilton
100%
2008 7 Lewis Hamilton
100%
2025 8 Max Verstappen
100%
2024*1 8 Max Verstappen
100%
2023 12 Max Verstappen
100%
2021 10 Max Verstappen
100%
2004 8 Michael Schumacher
100%
2003 5 Michael Schumacher
100%
2002*1 7 Michael Schumacher
100%
2001 11 Michael Schumacher
100%
2000 9 Michael Schumacher
100%
1994 6 Michael Schumacher
100%
2013 9 Sebastian Vettel
99%
2011 15 Sebastian Vettel
99%
2010 10 Sebastian Vettel
99%
2009*1 4 Sebastian Vettel
99%
1991 8 Ayrton Senna
98%
1990 10 Ayrton Senna
98%
1989 13 Ayrton Senna
98%
1988 13 Ayrton Senna
98%
1986 8 Ayrton Senna
98%
1985 7 Ayrton Senna
98%
2024*2 8 Lando Norris
97%
1993 13 Alain Prost
96%
1982*1 5 Alain Prost
96%
2022 9 Charles Leclerc
96%
2019 7 Charles Leclerc
96%
2014 11 Nico Rosberg
96%
2009*3 4 Jenson Button
95%
1999 11 Mika Hakkinen
92%
1998 9 Mika Hakkinen
92%
1975 9 Niki Lauda
92%
1974 9 Niki Lauda
92%
1957 4 Juan Manuel Fangio
91%
1956 6 Juan Manuel Fangio
91%
1955 3 Juan Manuel Fangio
91%
1954 5 Juan Manuel Fangio
91%
1951 4 Juan Manuel Fangio
91%
1950 4 Juan Manuel Fangio
91%
1996 9 Damon Hill
90%
1995 7 Damon Hill
90%
1961 5 Phil Hill
90%
1992 14 Nigel Mansell
87%
1987 8 Nigel Mansell
87%
1984 9 Nelson Piquet
86%
1981*1 4 Nelson Piquet
86%
1976 8 James Hunt
85%
1953 6 Alberto Ascari
84%
1952 5 Alberto Ascari
84%
2007 6 Felipe Massa
84%
1997 10 Jacques Villeneuve
81%
1971 6 Jackie Stewart
80%
1970*2 4 Jackie Stewart
80%
1967 6 Jim Clark
77%
1965 6 Jim Clark
77%
1964 5 Jim Clark
77%
1963 7 Jim Clark
77%
1962 6 Jim Clark
77%
1980*1 3 Alan Jones
71%
1978 8 Mario Andretti
71%
1977 7 Mario Andretti
71%
1966 3 Jack Brabham
69%
1969 5 Jochen Rindt
64%
2002*2 7 Juan Pablo Montoya
64%
1958 4 Mike Hawthorn
64%
1960 4 Stirling Moss
59%
1959 4 Stirling Moss
59%
1972 4 Jacky Ickx
41%
1970*1 4 Jacky Ickx
41%
1983*2 4 René Arnoux
38%
1982*2 5 René Arnoux
38%
1981*2 4 René Arnoux
38%
1980*2 3 René Arnoux
38%
1973 9 Ronnie Peterson
35%
1979*2 4 Jacques Laffite
28%
1983*1 4 Patrick Tambay
23%
1979*1 4 Jean-Pierre Jabouille
21%
1968 3 Chris Amon
20%
No matching quizzes found
Score Distribution
Percent of People with Each Score
Percentile by Number Answered
Your Score History
You have not taken this quiz since the last reset